White Flags - Sudden Death - Statistics

General Stats
  • This quiz has been taken 70,487 times
    69,991 since last reset
  • The average score is 13 of 20
Answers on the Grid
Answers color-coded by a green-red scale on the quiz's grid according to % correct below.
Albania
Argentina
Armenia
Australia
Bahamas
Bangladesh
Chile
Colombia
Croatia
Estonia
Finland
France
Gabon
Germany
Honduras
Iran
Jamaica
Japan
Kyrgyzstan
Lesotho
Liechtenstein
Malawi
Mauritius
Mexico
Moldova
Morocco
Netherlands
Nigeria
North Macedonia
Poland
Russia
Rwanda
San Marino
Senegal
Somalia
Sweden
Switzerland
Ukraine
United States
Vietnam
 
Answer Stats
Answer % Correct
Argentina
86%
Australia
81%
France
78%
Finland
73%
Japan
73%
Croatia
71%
Chile
69%
United States
68%
Mexico
64%
Poland
64%
Russia
64%
Estonia
63%
Switzerland
63%
Iran
58%
Netherlands
58%
Nigeria
52%
Honduras
50%
San Marino
50%
Somalia
40%
Lesotho
34%
No matching quizzes found
Score Distribution
Percent of People with Each Score
Percentile by Number Answered
Your Score History
You have not taken this quiz since the last reset